000
00316nam a2200109Ia 4500
008
171211s9999 xx 000 0 und d
245
_a
Conjugations: Marriage and Form in New Bollywood Cinema
245
_c
Sangita Gopal
260
_c
2012
650
_x
CINEMA
856
_u
http://down.ebook777.com/065/0226304256.pdf
999
_c
349382
_d
349382